|
|
|
|
| LEADER |
00987nam a2200241 a 4500 |
| 001 |
010744524 |
| 008 |
111221r20041996enka b 001 0 eng d |
| 020 |
|
|
|a 8125007512
|
| 020 |
|
|
|a 0863116124
|
| 020 |
|
|
|a 9788125007517
|
| 040 |
|
|
|a Uk
|c Uk
|d BD-DhAAL
|
| 082 |
0 |
4 |
|a 428.2407
|2 20
|
| 100 |
1 |
|
|a Nagaraj, Geetha.
|
| 245 |
1 |
0 |
|a English language teaching :
|b approaches, methods, techniques /
|c Geetha Nagaraj.
|
| 260 |
|
|
|a London :
|b Sangam ;
|a New Delhi :
|b Orient Longman,
|c 1996 [Reprinted 2004]
|
| 300 |
|
|
|a v,232p. :
|b ill. ;
|c 23cm.
|
| 500 |
|
|
|a Bibliography: p. 224-227. and Includes index.
|
| 541 |
|
|
|e 00015689
|
| 650 |
|
0 |
|a English language
|x Study and teaching
|x Foreign speakers.
|
| 650 |
|
0 |
|a English language
|x Problems, exercises etc.
|
| 852 |
1 |
|
|a Ayesha Abed Library
|c General shelf.
|
| 999 |
|
|
|c 11690
|d 11690
|
| 952 |
|
|
|0 0
|1 0
|4 0
|6 428_240700000000000_NAG
|7 0
|9 19006
|a BRACUL
|b BRACUL
|c GEN
|d 2011-12-28
|l 10
|m 41
|o 428.2407 NAG
|p 3010015689
|r 2017-05-03
|s 2017-01-23
|t 1
|w 2011-12-28
|y BK
|x Available
|